000 00637nam a22001937a 4500
999 _c145619
_d145619
005 20220211114453.0
010 _a1718EN-30ENG-122221
020 _a9789385755583
_c350.00
035 _aEN-105753
037 _bPragati
_adpl
037 _bDBAD/PUB
082 _aS
245 _aRiver of flesh and other stories :
_bThe Prostituted woman in Indian short fiction /
_cEdited by Ruchira Gupta
260 _aNew Delhi
_bSpeaking Tiger
_c2016
270 _a4381/4, Ansari Road, Daryaganj
_bNew Delhi
_e110002
300 _a256p.
_b21cm(pbk)
942 _2ddc
_cEN
_hS
_mRIV